[Event "ESP-chT 1st div South"]
[Site "Santa Cruz de Tenerife"]
[Date "2006.08.25"]
[Round "4"]
[White "Ruiz Jimenez, Francisco Javier"]
[Black "Lezcano Jaen, Pedro"]
[Result "0-1"]
[WhiteElo "2218"]
[BlackElo "2376"]
[PlyCount "86"]
[EventDate "2006.08.23"]
[EventType "team-tourn"]
[EventRounds "5"]
[EventCountry "ESP"]
[SourceTitle "CBM 113 Extra"]
[Source "ChessBase"]
[SourceDate "2006.09.14"]
[SourceVersion "1"]
[SourceVersionDate "2006.09.14"]
[SourceQuality "1"]

1. e4 Nf6 2. e5 Nd5 3. d4 d6 4. Nf3 g6 5. Bc4 c6 6. Nc3 Nxc3 7. bxc3 Bg7 8. Bf4 0-0 9. h3 Na6 10. Qd2 Nc7 11. 0-0 Be6 12. Bd3 Bd5 13. exd6 exd6 14. Ng5 Qd7 15. Ne4 Bxe4 16. Bxe4 d5 17. Bd3 Ne6 18. Rfe1 Rac8 19. a4 c5 20. Bb5 Qd8 21. Be5 a6 22. Bf1 Qa5 23. Qd3 cxd4 24. cxd4 Rc4 25. Bxg7 Kxg7 26. Qg3 Rxc2 27. Qe5+ Kg8 28. Rab1 Rc7 29. h4 Qxa4 30. Rb6 Rc6 31. Rxc6 Qxc6 32. h5 Qc7 33. Qf6 Qd8 34. Qe5 Qc7 35. Qf6 Qf4 36. Qe7 b5 37. hxg6 hxg6 38. Re3 Qxd4 39. Bd3 Ng7 40. Rf3 Qb6 41. Rf6 Qd8 42. Qe5 Re8 43. Qg3 Qxf6 0-1